| 000 | 00373nam a2200097Ia 4500 | ||
|---|---|---|---|
| 005 | 20250424112820.0 | ||
| 008 | 250424s9999 xx 000 0 und d | ||
| 300 | _av, 173 p. :ill. ; 29 cm. | ||
| 650 | _aMedical care--Developing countries--Congresses. Medicine, Preventive--Developing countries--Congresses. Medicine--Research--Developing countries--Congresses. | ||
| 942 | _cSR | ||
| 999 |
_c37293 _d37293 |
||